Rhythms of life : (Record no. 14887)
[ view plain ]
| 000 -LEADER | |
|---|---|
| fixed length control field | 01470nam a22003017a 4500 |
| 005 - DATE AND TIME OF LATEST TRANSACTION | |
| control field | 20080812021043.0 |
| 010 ## - LCCN (DPL NO) | |
| LC control number | ENG-90740 B-430938 |
| 020 ## - INTERNATIONAL STANDARD BOOK NUMBER | |
| International Standard Book Number | 9780195694192 |
| Terms of availability | 750.00 |
| 020 ## - INTERNATIONAL STANDARD BOOK NUMBER | |
| International Standard Book Number | 0195694198 |
| 035 ## - SYSTEM CONTROL NUMBER | |
| System control number | EN-74273 B-430938 |
| 037 ## - SOURCE OF ACQUISITION | |
| Source of stock number/acquisition | DBAD / PUB |
| 037 ## - SOURCE OF ACQUISITION | |
| Source of stock number/acquisition | Allied Pub/Ven |
| 082 ## - DEWEY DECIMAL CLASSIFICATION NUMBER | |
| Classification number | 230.31 |
| 100 ## - MAIN ENTRY--PERSONAL NAME | |
| Personal name | Apffel-Marglin, Frédérique. |
| 245 ## - TITLE STATEMENT | |
| Title | Rhythms of life : |
| Remainder of title | enacting the world with the goddesses of Orissa / |
| Statement of responsibility, etc | Frederique Apffel-Marglin. |
| 260 ## - PUBLICATION, DISTRIBUTION, ETC. (IMPRINT) | |
| Place of publication, distribution, etc | New Delhi : |
| Name of publisher, distributor, etc | Oxford University Press, |
| Date of publication, distribution, etc | 2008. |
| 300 ## - PHYSICAL DESCRIPTION | |
| Extent | xi, 292 p. ; |
| Dimensions | 23 cm.(Hb) |
| 490 ## - SERIES STATEMENT | |
| Series statement | Oxford collected essays |
| -- | 29319 |
| 500 ## - GENERAL NOTE | |
| General note | Includes bibliographical references and index. |
| 520 ## - SUMMARY, ETC. | |
| Summary, etc | On the Devadāsīs and local folk religion, Raja as celebrated in Purī, India; articles; a couple co-authored. |
| 650 ## - SUBJECT ADDED ENTRY--TOPICAL TERM | |
| Topical term or geographic name as entry element | Devadāsīs |
| Geographic subdivision | India |
| -- | Purī. |
| 650 ## - SUBJECT ADDED ENTRY--TOPICAL TERM | |
| Topical term or geographic name as entry element | Folk religion |
| Geographic subdivision | India |
| -- | Purī. |
| 942 ## - ADDED ENTRY ELEMENTS (KOHA) | |
| Source of classification or shelving scheme | Dewey Decimal Classification |
| Item type | English Books |
| Call number suffix | APF |
| Classification part | 230.31 |
| Withdrawn status | Lost status | Not for loan | Collection code | Home library | Current library | Date acquired | Source of acquisition | Cost, normal purchase price | Full call number | Barcode | Cost, replacement price | Koha item type | Copy number |
|---|---|---|---|---|---|---|---|---|---|---|---|---|---|
| Non-fiction | Central Library | Central Library | 08/07/2011 | Allied Pub/2951/29.3.11/78/14.3.11/31.3.11 | 750.00 | 230.31 APF | B-430938 | 750.00 | English Books | 1 | |||
| Not For Loan | Non-fiction | D.B.Act.Division | D.B.Act.Division | 18/08/2008 | DBAD / PUB | 750.00 | APF | EN-74273 | 750.00 | English Books |
